Datum a čas kvízu
14.5
Celkem bodů
Celkový počet nahraných bodů na tomto kvízu bez doplňovacích otázek.
6.
Pořadí na kvízu
Konečné umístění týmu na tomto kvízu.
Zaznamenané odpovědi
| # | Otázka | Odpověď | Body | Výsledky |
|---|---|---|---|---|
| 1. | Senát nominoval rekordních 125... | Jan Kubiš, Adolf Opálka | 0.5 | |
| 2. | Policie v Nashvillu v americké... | C) hrál v pornografickém filmu | 1 | |
| 3. | Jak se jmenuje či jak si říká... | Martin Mikyska / Mikýř | 1 | |
| 4. | Do mobilní aplikace Portál obč... | DROZD | 0 | |
| 5. | Druhá nejvyšší česká hokejová... | Maxa | 0 | |
| 6. | Jak se nazývá specializované o... | A | 1 | |
| 7. | Jak se jmenuje ovoce na obrázk... | papája | 1 | |
| 8. | Nyní nás bude zajímat ovoce zv... | C | 0 | |
| 9. | Vypište z následující řady dva... | jackfruit, rambutan | 1 | |
| 10. | Níže jsou názvy tří odrůd jabl... | C | 0 |